Statistics for Authors by Books

Click here to take the quiz!

General Stats

  • This quiz has been taken 1,022 times
  • The average score is 13 of 20

Answer Stats

HintsAuthors% Correct
Animal Farm, Nineteen Eighty-Four, Homage to CataloniaGeorge Orwell
95%
Pride and Prejudice, Sense and Sensibility, EmmaJane Austen
94%
Great Expectations, A Christmas Carol, A Tale of Two CitiesCharles Dickens
93%
The Silmarillion, The Lord of the Rings, The HobbitJ. R. R. Tolkien
92%
War and Peace, Anna Karenina, The Death of Ivan IlychLeo Tolstoy
87%
The Curious Case of Benjamin Button, The Beautiful and Damned, The Great GatsbyF. Scott Fitzgerald
82%
The Green Mile, Cujo, ItStephen King
82%
Much Ado About Nothing, Richard III, Titus AndronicusWilliam Shakespeare
82%
For Whom the Bell Tolls, The Old Man and the Sea, The Sun Also RisesErnest Hemingway
78%
The Metamorphosis, The Trial, ContemplationFranz Kafka
70%
Around the World in Eighty Days, Twenty Thousand Leagues Under the SeaJules Verne
70%
Crime and Punishment, The Idiot, The Brothers KaramazovFyodor Dostoevsky
69%
Rapunzel, Cinderella, Golden GooseJakob and Wilhelm Grimm
67%
The Ugly Duckling, The Emperor's New Clothes, The Little Match GirlHans Christian Andersen
62%
Orlando, Mrs Dalloway, To the LighthouseVirginia Woolf
51%
The Stranger, The Myth of Sisyphus, The PlagueAlbert Camus
48%
The Client, The Runaway Jury, A Time to KillJohn Grisham
40%
Critique of Judgment, Critique of Practical Reason, Critique of Pure ReasonImmanuel Kant
30%
Lady with a Lapdog, Three Sisters, Uncle VanyaAnton Chekhov
28%
Norwegian Wood, Kafka on the Shore, After the QuakeHaruki Murakami
27%

Score Distribution

Percentile by Number Answered

Percent of People with Each Score

Your Score History

You have not taken this quiz